000 00425nam a2200181Ia 4500
001 24528
005 20260414151049.0
008 260414t2001||||xx |||||||||||||| ||spa||
041 _aESP
082 _a345.72
_bD59 V. 2
100 _aLessona, Carol
_eAUT
245 0 _aTeorĂ­a de las pruebas en derecho civil
_b
260 _c2001
300 _a
_c28 cm.
650 _aDER
654 _aCDE
942 _cLIB
_dJUS
_fJUS
_2ddc
_n
999 _c24528
_d24528